Formulario para la preparación y uso de varios medicamentos nuevos / (Record no. 158497)

MARC details
000 -LEADER
campo de control de longitud fija 00739nam a22001935i 4500
001 - NÚMERO DE CONTROL
campo de control 158497
003 - IDENTIFICADOR DE NÚMERO DE CONTROL
campo de control ES-MaACL
005 - FECHA Y HORA DE LA ÚLTIMA TRANSACCIÓN
campo de control 20230915205310.0
008 - DATOS DE LONGITUD FIJA--INFORMACIÓN GENERAL
campo de control de longitud fija 970605s1827 sp |||| | spa d
040 ## - FUENTE DE CATALOGACIÓN
Centro catalogador/agencia de origen CLM
Lengua de catalogación spa
Centro/agencia transcriptor CCPB | SIC
100 1# - ENTRADA PRINCIPAL--NOMBRE DE PERSONA
Nombre de persona Magendie, F.
9 (RLIN) 129342
245 10 - MENCIÓN DEL TÍTULO
Título Formulario para la preparación y uso de varios medicamentos nuevos /
Mención de responsabilidad, etc. por F. Magendie.
250 ## - MENCION DE EDICION
Mención de edición 5ª Ed. corr. y aum.
Resto de la mención de edición traducida al castellano con notas por José Luis Casaseca.
260 ## - PUBLICACIÓN, DISTRIBUCIÓN, ETC.
Lugar de publicación, distribución, etc. Madrid :
Nombre del editor, distribuidor, etc. [s.n.],
Fecha de publicación, distribución, etc. 1827 (
Fabricante Imprenta de D. José del Collado)
300 ## - DESCRIPCIÓN FÍSICA
Extensión 248 p. [1] h. pleg. ;
Dimensiones 18 cm.
700 11 - ENTRADA AGREGADA--NOMBRE PERSONAL
Nombre de persona Casaseca, José Luis,
Fechas asociadas al nombre 1800-1869
9 (RLIN) 36243
852 ## - LOCALIZACIÓN
Ubicación ES-MaACL
Número de control de estantería G-9503
Nota libre -- Enc. pasta española
Holdings
Estatus retirado Estado de pérdida Estado de daño No para préstamo Colección Biblioteca de origen Biblioteca actual Ubicación en estantería Fecha de adquisición Fuente de adquisición Total de préstamos Signatura topográfica completa Código de barras Visto por última vez Precio de reemplazo Tipo de ítem Koha
        Libros del s. XIX Biblioteca del Ateneo de Madrid Biblioteca del Ateneo de Madrid Sala Pecera Planta 3 17/01/2008     G-9503 1165894 23/02/2023 23/02/2023 Libro impreso antiguo